Statistiques concernant Les pays contenant entre 10 % et 20 % de chrétiens

Cliquez ici pour prendre le quiz!

Statistiques générales

  • Ce quiz a été pris 7 fois
  • Le résultat moyen est 2 sur 9

Statistiques - réponses

Hint Answer % Correct
10,0 %Syrie
57%
10,0 %Tadjikistan
43%
10,0 %Sierra Leone
29%
10,0 %Guinée
29%
15,0 %Émirats arabes unis
29%
15,0 %Koweït
29%
11,0 %Brunei
14%
10,0 %Guinée-Bissau
14%
18,0 %Singapour
0%

Distribution des résultats

Percentile by Number Answered

% des personnes avec chaque résultat

Votre développement - résultats

Vous n’avez pas pris ce quiz